[Event "Fyli op 2nd"]
[Site "Fyli"]
[Date "2011.06.03"]
[Round "7"]
[White "Spyropoulos, Athanasios"]
[Black "Tsoukarakis, Ioannis"]
[Result "1-0"]
[WhiteElo "1270"]
[BlackElo "1458"]
[PlyCount "45"]
[EventDate "2011.04.15"]
[EventType "swiss"]
[EventRounds "7"]
[EventCountry "GRE"]
[SourceTitle "EXT 2013"]
[Source "ChessBase"]
[SourceDate "2012.11.22"]
[SourceVersion "1"]
[SourceVersionDate "2012.11.22"]
[SourceQuality "1"]

1. e4 Nc6 2. d4 d5 3. e5 Bf5 4. Be3 e6 5. Bd3 g6 6. Bxf5 gxf5 7. Nf3 f6 8. Nbd2 fxe5 9. dxe5 Bg7 10. Ng5 Qe7 11. Qh5+ Kd7 12. Nf7 Nh6 13. Nxh8 Rxh8 14. Bxh6 Nxe5 15. Bxg7 Qxg7 16. 0-0-0 Qg6 17. Qe2 Kd6 18. Rde1 Qf6 19. f4 Nc6 20. Nf3 h6 21. Qb5 b6 22. Ne5 Ne7 23. Qd7+ 1-0